| 000 | 01233nam0a22002771i 4500 | ||
|---|---|---|---|
| 001 | rc\2128859 | ||
| 005 | 20240921130541.0 | ||
| 035 | _a(NLR Aleph) 006625842 | ||
| 090 |
_a7498676 _c7498676 |
||
| 100 | _a20110829d1979 |||y0rusy50 ca | ||
| 101 | 0 | _arus | |
| 102 | _aRU | ||
| 105 | _ay d ||||| | ||
| 200 | 1 |
_aВопросы совершенствования планирования и оценки эффективности научно-технического прогресса _e(На прим. строит.-дор. машиностроения) _eАвтореф. дис. на соиск. учен. степ. канд. экон. наук _e(08.00.05) |
|
| 210 |
_aМосква _d1979 |
||
| 215 | _a16 с. | ||
| 300 | _aВ надзаг.: Моск. ин-т управления им. Серго Орджоникидзе | ||
| 320 | _aСписок работ авт.: с. 16 (4 назв.) | ||
| 700 | 1 |
_aГродская _bГ. Н. _cканд. экон. наук _gГалина Николаевна _9211283 _3RU\NLR\AUTH\770211339 |
|
| 801 | 0 |
_aRU _bNLR _gpsbo |
|
| 801 | 1 |
_aRU _bELAR _2rusmarc |
|
| 852 |
_aNLR _j80-4/8029 |
||
| 899 |
_aRuMoRGB _jДр 388/682 |
||
| 899 |
_aRuMoRGB _jДр 388/683 |
||
| 942 | _cBOOK | ||